Curso de ciencias naturales : (Record no. 131789)

MARC details
000 -LEADER
campo de control de longitud fija 01147nam a2200265 i 4500
001 - NÚMERO DE CONTROL
campo de control 131789
003 - IDENTIFICADOR DE NÚMERO DE CONTROL
campo de control ES-MaACL
005 - FECHA Y HORA DE LA ÚLTIMA TRANSACCIÓN
campo de control 20250901081549.0
007 - CAMPO FIJO DE DESCRIPCIÓN FÍSICA--INFORMACIÓN GENERAL
campo de control de longitud fija t|
008 - DATOS DE LONGITUD FIJA--INFORMACIÓN GENERAL
campo de control de longitud fija 190503s1882 sp r ||||1| spa d
100 1# - ENTRADA PRINCIPAL--NOMBRE DE PERSONA
Nombre de persona Rodríguez Mourelo, José,
Fechas asociadas al nombre 1859-1932
Término indicativo de función/relación Autor
9 (RLIN) 98691
245 10 - MENCIÓN DEL TÍTULO
Título Curso de ciencias naturales :
Resto del título tercera conferencia : [Concepto de la energía] /
Mención de responsabilidad, etc. explicada por José Rodríguez Mourelo el 12 de enero de 1882.
246 1# - FORMA VARIANTE DEL TITULO
Título propio/Titulo breve Concepto de la energía
260 ## - PUBLICACIÓN, DISTRIBUCIÓN, ETC.
Lugar de publicación, distribución, etc. Madrid :
Nombre del editor, distribuidor, etc. [s.n.],
Fecha de publicación, distribución, etc. 1882
Fabricante (Imp. de Manuel G. Hernández)
300 ## - DESCRIPCIÓN FÍSICA
Extensión 37 páginas ;
Dimensiones 22 cm.
500 ## - NOTA GENERAL
Nota general Precede al tít.: Ateneo Científico y Literario de Madrid
530 ## - NOTA DISPONIBLE DE FORMULARIO FÍSICO ADICIONAL
Nota de formato físico adicional disponible Disponible en formato digital
610 24 - PUNTO DE ACCESO ADICIONAL DE MATERIA--NOMBRE DE ENTIDAD CORPORATIVA
Nombre de entidad corporativa o nombre de jurisdicción como elemento de entrada Ateneo de Madrid-
Subdivisión de forma Conferencias-
Subdivisión cronológica S.XIX.
9 (RLIN) 1910
650 #4 - PUNTO DE ACCESO ADICIONAL DE MATERIA--TÉRMINO DE MATERIA
Término de materia o nombre geográfico como elemento de entrada Energía.
9 (RLIN) 138103
852 ## - LOCALIZACIÓN
Ubicación ES-MaACL
Ubicación en estantería Depósito folletos
Anotaciones manuscritas Dedicatoria autógrafa del autor
Donativo/Legado Donativo de José Rodríguez Mourelo
Número de control de estantería T-350-F-9
856 4# - LOCALIZACIÓN Y ACCESO ELECTRÓNICOS
Identificador Uniforme de Recursos <a href="http://bdh-rd.bne.es/viewer.vm?id=0000205738&page=1 ">http://bdh-rd.bne.es/viewer.vm?id=0000205738&page=1 </a>
Texto de enlace Versión en línea
Nota pública (Biblioteca Digital Hispánica)
942 ## - ELEMENTOS DE ENTRADA SECUNDARIOS (KOHA)
Fuente del sistema de clasificación o colocación Clasificación decimal universal
Tipo de ítem Koha Folleto
Suprimir en OPAC No
Holdings
Estatus retirado Estado de pérdida Fuente del sistema de clasificación o colocación Estado de daño No para préstamo Colección Biblioteca de origen Biblioteca actual Ubicación en estantería Fecha de adquisición Fuente de adquisición Número de control de estantería Total de préstamos Signatura topográfica completa Código de barras Visto por última vez Tipo de ítem Koha Nota pública
    Clasificación decimal universal     Colección de folletos Biblioteca del Ateneo de Madrid Biblioteca del Ateneo de Madrid Depósito folletos 03/05/2019 Donación 1   T-350-F-9 1200478 23/02/2023 Folleto Dedicatoria autógrafa del autor